000 00639nam a2200265Ia 4500
005 20260121170600.0
008 008 260114s9999 xx 000 0 eng d
020 _a9783662572658
037 _aEBOOK
040 _aCRL
040 _beng
040 _cCRL
041 _2eng
041 _aeng
084 _qCRL
100 _aMartin Aigner, Günter M. Ziegler
_91065653
245 0 _aProofs from THE BOOK
260 _bSpringer
260 _bSpringer
260 _c2018
856 _uhttps://link.springer.com/openurl?genre=book&isbn=978-3-662-57265-8
942 _cEBOOK
999 _c1631383
_d1631383